| 000 | 00000nas 2200000za 4500 |
| 001 | 9.862710 |
| 003 | CaOODSP |
| 005 | 20221107161105 |
| 007 | cr ||||||||||| |
| 008 | 181003d19511955oncar p oss f000#a0fre|d |
| 022 | # |y0317-9745 |
| 040 | |aCaOODSP|bfre |
| 041 | |aeng|afre |
| 043 | |an-cn--- |
| 086 | 1 |aCS81-204-PDF |
| 245 | 00|aUniversity and college enrolment reported in the current year |h[ressource électronique]. |
| 246 | 13|aInscriptions dans les universités et collèges durant d'année académique |f1954/1955 |
| 260 | |aOttawa : |bDominion Bureau of Statistics, |c[1951-1955] |
| 300 | |a5 v. |
| 310 | |aAnnuel |
| 362 | 0 |a1950/51-1954/55. |
| 490 | 0 |aMemorandum |
| 500 | |aTitre parallèle, 1954/55 : Inscriptions dans les universités et collèges durant d'année académique. |
| 500 | |aLes livr. de 1953/54-1954/1955 publiées dans la coll.: Memorandum. |
| 500 | |aÉdition numérisée de l’imprimé [par Statistique Canada] |
| 546 | |aTexte en anglais seulement, 1950/51-1953/54; texte en anglais et en français, 1954/1955. |
| 550 | |aPublié 1952/53-1953/54 par Education Division; 1954/1955 par la Section de l'enseignement supérieur. |
| 580 | |aFait suite à : Preliminary report on university and college enrolment. |
| 580 | |aSuivi de : University and college enrolment = Inscriptions dans les universities et collèges. |
| 692 | 07|2gccst|aEnseignement postsecondaire |
| 710 | 1 |aCanada. |bBureau fédéral de la statistique. |
| 710 | 1 |aCanada.|bBureau fédéral de la statistique.|bDivision de l'éducation. |
| 710 | 1 |aCanada.|bBureau fédéral de la statistique.|bSection de l'enseignement supérieur. |
| 785 | 00|tUniversity and college enrolment |w(CaOODSP)9.862714 |
| 791 | |tUniversity and college enrolment reported in the current year |eeng|w(CaOODSP)9.862709 |